00210nam a2200097Ia 4500008004100000100000900041245002000050260001800070942000700088999001700095190216s9999||||xx |||||||||||||| ||und|| aNull 0aHindi-Maleda Ja bCurrent Books cBK c17862d17862